000 00647nam a2200241 i 4500
001 C2-0293206
003 PPAK
005 20180728025119.0
008 090120s2003 nyu |||| ||||| | eng d
020 _a1400032717
040 _aPPAK
_beng
_cPPAK
_erda
082 0 4 _a823
_223
090 0 0 _a823
_bHAD
_dLCK
100 1 _aHaddon, Mark,
_eauthor
245 1 4 _aThe curious incident of the dog in the night-time
264 1 _aNew York :
_bVintage Books ,
_c2003
300 _a226 pages ;
_c20 cm
336 _2rdacontent
_atext
337 _2rdamedia
_aunmediated
338 _2rdacarrier
_avolume
650 1 0 _aEnglish fiction
942 _ddc
_cB
999 _c97972
_d97972